[Event "Biel op"]
[Site "Biel"]
[Date "1995.??.??"]
[Round "9"]
[White "Nevednichy, Vladislav"]
[Black "Tseitlin, Mark D"]
[Result "0-1"]
[WhiteElo "2480"]
[BlackElo "2545"]

1.e4 c5 2.Nf3 Nc6 3.Bb5 Nf6 4.e5 Nd5 5.O-O Nc7 6.Bxc6 dxc6 7.h3 Ne6 8.d3 g6
9.Re1 Bg7 10.a4 O-O 11.a5 f5 12.exf6 exf6 13.Bd2 Bd7 14.Ra4 Qc7 15.Rae4 Rae8
16.Qc1 g5 17.R4e2 h6 18.Na3 b5 19.axb6 axb6 20.c3 b5 21.Nc2 Qd6 22.d4 f5
23.dxc5 Nxc5 24.Rxe8 Bxe8 25.Rd1 Nb3 26.Qb1 Nxd2 27.Rxd2 Qf6 28.Ne3 h5 29.h4 gxh4
30.Qd1 Qe7 31.Rd6 f4 32.Nc2 h3 33.gxh3 Qe4 34.Nce1 Rf6 35.Rxf6 Bxf6 36.Qd6 Kg7
37.Qc7+ Bf7 38.Kh2 Kg6 39.Qd6 Be6 40.Ng2 Qxf3 41.Qxe6 Qxf2 42.Qe8+ Kg7 43.Qd7+ Kf8
44.Qd6+ Kf7 45.Qd7+ Be7 46.Qf5+ Kg7 47.Qxf4 Qe2 48.Qc7 c5 49.Qd7 Kf6 50.Qc6+ Ke5
51.Qe8 Ke6 52.Qc8+ Kf6 53.Qc6+ Kg7 54.Qd7 b4 55.c4 Qe5+ 56.Kh1 Kf6 57.Qd2 Bd6
58.Ne3 Qe4+ 59.Kg1 Ke6 60.b3 Ke5 61.Kf2 Qf4+ 62.Ke2 Qh2+ 63.Kd3 Qxh3 64.Qb2+ Ke6
65.Qh8 Kd7 66.Qh7+ Be7 67.Ke2 h4 68.Nd5 Qe6+ 69.Kf3 Qh3+ 70.Ke2 Qg4+ 71.Ke3 Qg5+
72.Kf3 Kd6 73.Ke4 Qg4+ 74.Kd3 Qf3+ 75.Kc2 Qe2+ 76.Kb1 Qd1+ 77.Ka2 Qe2+ 78.Kb1 Qe6
79.Kc2 Bd8 80.Qh8 Qe4+  0-1

[Event "DLM"]
[Site "Binz"]
[Date "1995.??.??"]
[Round "5"]
[White "De Gleria, Francesco"]
[Black "Gottschlich, Carsten"]
[Result "0-1"]
[WhiteElo "2140"]
[BlackElo "2170"]

1.e4 c5 2.Nf3 Nc6 3.Bb5 g6 4.O-O Bg7 5.c3 Nf6 6.Re1 O-O 7.d4 cxd4 8.cxd4 d5
9.e5 Ne4 10.Nbd2 Nxd2 11.Bxd2 Qb6 12.Qa4 Bg4 13.Bxc6 bxc6 14.Ba5 Qb5 15.Qxb5 cxb5
16.Bb4 Bxf3 17.gxf3 Rfe8 18.Rac1 Bh6 19.Rc7 e6 20.Re2 Rec8 21.Rec2 Rxc7 22.Rxc7 Bg5
23.Bc5 Bd8 24.Rxa7 Rxa7 25.Bxa7 Kg7 26.Bc5 Ba5 27.b4 Bd8 28.Kg2 f5 29.a4 bxa4
30.b5 Kf7 31.b6 Ke8 32.b7 Bc7 33.Kg3 Kd7 34.Kf4 h6 35.Ke3 Kc6 36.Kd3 Kxb7
37.Bf8 h5 38.Kc3 Ba5+ 39.Kb2 Kc6 40.Kc2 Be1  0-1

[Event "Bled op-B"]
[Site "Bled"]
[Date "1995.??.??"]
[Round "2"]
[White "Muri, Emil"]
[Black "Kobal, P."]
[Result "0-1"]
[WhiteElo "2080"]
[BlackElo "2000"]

1.e4 c5 2.Nf3 Nc6 3.Bb5 e6 4.O-O Nf6 5.Re1 Be7 6.b3 Qc7 7.Bb2 O-O 8.Nc3 a6
9.Bxc6 Qxc6 10.d4 cxd4 11.Nxd4 Qc7 12.Qd3 d6 13.Nce2 b5 14.Ng3 Bb7 15.Rac1 Rac8
16.c4 bxc4 17.bxc4 Rfd8 18.h3 Nd7 19.f4 Qb6 20.Rb1 e5 21.Bc3 Qa7 22.Rxb7 Qxb7
23.Ndf5 Bf8 24.Qf3 Rxc4 25.Nh5 g6 26.fxe5 Nxe5 27.Qg3 Rxc3 28.Qxc3 gxh5 29.Qg3+ Ng6
30.Qg5 Re8 31.Ng3 h4 32.Nh5 Bg7 33.Rf1 Qe7 34.Qd5 Qe6 35.Qb7 a5 36.a4 Re7
37.Qa8+ Re8 38.Qxa5 Qxe4 39.Qc7 Qd5 40.Qd7 Qe6 41.Qb7 Qe7 42.Qc6 Qe5 43.Qd7 Rf8
44.Nxg7 Kxg7 45.a5 Qxa5 46.Qxd6 Qe5 47.Qd7 Qe6 48.Qd4+ f6 49.Qa7+ Rf7 50.Qa8 Re7
51.Qa1 Qe5 52.Qa6 Nf4 53.Qc6 Ne2+  0-1

[Event "Bled Seniors"]
[Site "Bled"]
[Date "1995.??.??"]
[Round "2"]
[White "Patzl, Karl"]
[Black "Barczyczin, Karl"]
[Result "0-1"]
[WhiteElo "2215"]
[BlackElo "2050"]

1.e4 c5 2.Nf3 Nc6 3.Bb5 Nf6 4.Bxc6 dxc6 5.d3 Bg4 6.Nbd2 Qc7 7.h3 Bh5 8.Qe2 e6
9.g4 Bg6 10.Qe3 Be7 11.b3 Nd7 12.Bb2 e5 13.O-O-O O-O-O 14.Nc4 f6 15.Kb1 Nf8
16.Nh4 Ne6 17.Nf5 Bf7 18.Qg3 Bf8 19.Rdf1 b5 20.Nd2 g6 21.Ne3 Bh6 22.Bc1 Nd4
23.Re1 Bf4 24.Qg2 Qa5 25.f3 c4 26.dxc4 Bxe3 27.Rxe3 bxc4 28.Bb2 cxb3 29.Nxb3 Nxb3
30.axb3 Rd2 31.Qf1 Qb6 32.Re2 Rhd8 33.Bc3 Bxb3 34.Bxd2 Bc4+ 35.Kc1 Ba2  0-1

[Event "Bled op"]
[Site "Bled"]
[Date "1995.??.??"]
[Round "6"]
[White "Mazi, Leon"]
[Black "Gostisa, Leon"]
[Result "1-0"]
[WhiteElo "2360"]
[BlackElo "2420"]

1.e4 c5 2.Nf3 Nc6 3.Bb5 d6 4.O-O Bd7 5.c3 Nf6 6.Re1 a6 7.Bf1 Bg4 8.h3 Bh5
9.d3 e6 10.Nbd2 Be7 11.Be2 O-O 12.Nf1 h6 13.Ng3 Bg6 14.Bf1 Qc7 15.Nh2 d5
16.f4 c4 17.e5 Nd7 18.d4 Bh4 19.Qg4 Qd8 20.Nf3 Bxg3 21.Qxg3 Ne7 22.Qf2 Be4
23.Nd2 Bh7 24.g4 f6 25.exf6 Rxf6 26.Bg2 g5 27.Nf3 gxf4 28.g5 hxg5 29.Nxg5 Nf8
30.Bf3 Neg6 31.Kh2 Kh8 32.Bd2 Qd6 33.h4 Rd8 34.h5 Ne7 35.Re5 Nc6 36.Rae1 Qd7
37.Bg4 Nxe5 38.dxe5 Rf5 39.Bxf5 Bxf5 40.Qxf4 Nh7 41.Nxh7 Qxh7 42.Qg5 Rf8
43.Rg1 Qf7 44.Qh6+ Bh7 45.Bg5  1-0

[Event "Bled op"]
[Site "Bled"]
[Date "1995.??.??"]
[Round "7"]
[White "Basagic, Zlatko"]
[Black "Jelen, Igor"]
[Result "1/2-1/2"]
[WhiteElo "2395"]
[BlackElo "2360"]

1.e4 c5 2.Nf3 Nc6 3.Bb5 g6 4.O-O Bg7 5.Re1 Nf6 6.e5 Nd5 7.Nc3 Nc7 8.Bxc6 dxc6
9.Ne4 b6 10.Nf6+ Kf8 11.Ne4 Bg4 12.Nc3 Ne6 13.h3 Bxf3 14.Qxf3 Nd4 15.Qe4 Qd7
16.Ne2 f5 17.exf6 exf6 18.Nxd4 cxd4 19.d3 Re8 20.Qxe8+ Qxe8 21.Rxe8+ Kxe8
22.b4 Kd7 23.a4 Rc8 24.b5 cxb5 25.axb5 Rxc2 26.Rxa7+ Rc7 27.Rxc7+ Kxc7 28.Ba3 f5
29.g4 Be5 30.gxf5 gxf5 31.Kg2 Kd7 32.Kf3 Ke6 33.Bc1 Kd5 34.Bf4 Bf6 35.Bc7 Kc5
36.Kf4 Bh4 37.f3 Kxb5 38.Kxf5 Kc6 39.Bf4 Kd5 40.Bc1 b5 41.Kg4 Be1 42.Kg5 b4
43.Kh6 b3 44.Kxh7 Bd2 45.Bb2 Bc3 46.Bc1 b2 47.Bxb2 Bxb2 48.f4 Kc5 49.f5 Kb4
50.f6 Kc3 51.f7 Ba3 52.Kg8 Kxd3 53.h4 Ke4  1/2-1/2

[Event "Bled op"]
[Site "Bled"]
[Date "1995.??.??"]
[Round "7"]
[White "Srebrnic, Vojko"]
[Black "Zontakh, Andrey"]
[Result "0-1"]
[WhiteElo "2230"]
[BlackElo "2460"]

1.e4 c5 2.Nf3 Nc6 3.Bb5 e6 4.Bxc6 bxc6 5.O-O Ne7 6.c4 Ng6 7.d3 Be7 8.Nc3 e5
9.Ne2 d6 10.Ne1 f5 11.f4 O-O 12.fxe5 Nxe5 13.Nf3 Bf6 14.Nxe5 Bxe5 15.Bf4 Bxb2
16.Rb1 Bf6 17.Ng3 g5 18.Bc1 f4 19.Ne2 Qe8 20.Bb2 Bxb2 21.Rxb2 Qe5 22.Qd2 Bg4
23.Rb3 Rf7 24.Rf2 Raf8 25.Qb2 Qe7 26.Rb8 Rxb8 27.Qxb8+ Rf8 28.Qb2 Qg7 29.Nc1 Be6
30.Qxg7+ Kxg7 31.Rb2 Kf6 32.Kf2 Ke5 33.Ke1 h5 34.Rb7 Rf7 35.Rxf7 Bxf7 36.Nb3 h4
37.h3 d5 38.cxd5 cxd5 39.Nxc5 Kd4 40.Nb3+ Kxd3 41.e5 Ke4 42.Na5 Kxe5 43.Nc6+ Ke4
44.Nxa7 d4 45.a4 Ke3 46.Nc6 d3 47.Na5  0-1

[Event "Bodensee-Cup"]
[Site "Bodensee"]
[Date "1995.??.??"]
[Round "?"]
[White "Holzhaeuer, Mathias"]
[Black "Weindl, Alfred"]
[Result "0-1"]
[WhiteElo "2330"]
[BlackElo "2385"]

1.e4 c5 2.Nf3 Nc6 3.Bb5 e6 4.O-O Nge7 5.Re1 a6 6.Bf1 d5 7.exd5 Qxd5 8.c3 Qd8
9.a4 g6 10.d3 Bg7 11.Nbd2 O-O 12.Nb3 b6 13.a5 Nxa5 14.Nxa5 bxa5 15.Nd2 Nd5
16.Ne4 Qc7 17.Qa4 f5 18.Nd2 Rd8 19.Qxa5 Qxa5 20.Rxa5 Bd7 21.Nb3 Nxc3 22.bxc3 Bxc3
23.Bd2 Bxa5 24.Bxa5 Rdb8 25.Nxc5 Rb5 26.Nxd7 Rxa5 27.Rxe6 Ra1 28.f4 a5 29.Re7 a4
30.Kf2 a3 31.Be2 a2 32.Nf6+ Kf8 33.Rd7 Ra6 34.Nxh7+ Ke8 35.Nf6+ Rxf6 36.Ra7 Rb6  0-1

[Event "Bonn GSK"]
[Site "Bonn"]
[Date "1995.??.??"]
[Round "3"]
[White "Kveinys, Aloyzas"]
[Black "Maiwald, Jens Uwe"]
[Result "1-0"]
[WhiteElo "2525"]
[BlackElo "2455"]

1.e4 c5 2.Nf3 Nc6 3.Bb5 d6 4.O-O Bd7 5.Re1 Nf6 6.h3 a6 7.Bf1 e6 8.c3 Be7
9.d4 e5 10.d5 Na7 11.a4 O-O 12.a5 Kh8 13.Nxe5 dxe5 14.d6 Be6 15.dxe7 Qxe7
16.Na3 Nc6 17.Nc4 Rad8 18.Qa4 Rg8 19.Ne3 g5 20.g3 Qc7 21.Kh2 Ne7 22.Bc4 Rg6
23.Bxe6 fxe6 24.Qc4 Qc6 25.Ng4 Nd7 26.Rd1 Qc7 27.Kg2 h5 28.Nh2 g4 29.hxg4 hxg4
30.Nxg4  1-0

[Event "Bonn GSK"]
[Site "Bonn"]
[Date "1995.??.??"]
[Round "5"]
[White "Slobodjan, Roman"]
[Black "Glek, Igor V"]
[Result "1/2-1/2"]
[WhiteElo "2465"]
[BlackElo "2590"]

1.e4 c5 2.Nf3 Nc6 3.Bb5 e6 4.O-O Nge7 5.c3 a6 6.Ba4 b5 7.Bc2 Bb7 8.Re1 Rc8
9.a4 b4 10.d3 Ng6 11.Nbd2 Be7 12.d4 bxc3 13.bxc3 cxd4 14.cxd4 Nb4 15.Bb1 Qc7
16.Ba3 O-O 17.Re3 Nc2 18.Bxc2 Qxc2 19.Qxc2 Rxc2 20.Bxe7 Nxe7 21.Rb3 Ba8 22.Rb6 Rfc8
23.Kf1 f5 24.exf5 Nxf5 25.Ke1 R2c6 26.Rab1 h6 27.Rb8 Kh7 28.Ke2 Rc2 29.Rxc8 Rxc8
30.g4 Ne7 31.Ne5 Nd5 32.Ke1 Bc6 33.Rc1 Nf4 34.Rc3 Rb8 35.Nxc6 dxc6 36.Rxc6 a5
37.Ra6 Rb4 38.Rxa5 Rxd4 39.f3 Nd3+ 40.Kf1 Nb2 41.Ne4 Rxa4 42.Rxa4 Nxa4  1/2-1/2

[Event "SWE-ch"]
[Site "Borlange"]
[Date "1995.??.??"]
[Round "12"]
[White "Backelin, Rikard"]
[Black "Eklund, Lars Goran"]
[Result "1/2-1/2"]
[WhiteElo "2310"]
[BlackElo "2330"]

1.e4 c5 2.Nf3 Nc6 3.Bb5 Nf6 4.e5 Nd5 5.O-O e6 6.b3 Be7 7.Bb2 O-O 8.Bxc6 bxc6
9.d3 f6 10.Nbd2 fxe5 11.Nxe5 Qe8 12.Ne4 Nf6 13.Re1 d6 14.Nc4 Nxe4 15.dxe4 Qf7
16.Nxd6 Qxf2+ 17.Kh1 Qf4 18.Nxc8 Raxc8 19.Qd7 Qd6 20.Rad1 Qxd7 21.Rxd7 Bf6
22.e5 Bg5 23.Kg1 Rcd8 24.Rxd8 Rxd8 25.Re2 Rd5 26.c4 Rd1+ 27.Kf2 Kf7 28.Kf3 Ke8
29.Bc3 Rd3+ 30.Kg4 Rxc3 31.Kxg5 Rd3 32.Kf4 a5 33.Ke4 Rd4+ 34.Ke3 Rd1 35.Rd2 Rxd2
36.Kxd2 Kd8 37.Ke3 h6 38.h4 g6 39.g4  1/2-1/2

[Event "BRA-ch"]
[Site "?"]
[Date "1995.??.??"]
[Round "10"]
[White "Matsuura, Everaldo"]
[Black "Milos, Gilberto"]
[Result "0-1"]
[WhiteElo "2415"]
[BlackElo "2555"]

1.e4 c5 2.Nf3 Nc6 3.Bb5 e6 4.Bxc6 bxc6 5.e5 Ne7 6.O-O Ng6 7.b3 Be7 8.Bb2 f6
9.Na3 O-O 10.Nc4 Qc7 11.d3 Ba6 12.Re1 Rf7 13.Qd2 Raf8 14.Qa5 Qxa5 15.Nxa5 Bd8
16.Nc4 Bxc4 17.dxc4 fxe5 18.Bxe5 Ba5 19.Re2 Rxf3 20.gxf3 Nxe5 21.Rxe5 Bc3
22.Rae1 Bxe1 23.Rxe1 Rxf3 24.Re5 Rf5 25.Re3 Kf7 26.Rd3 Ke7 27.Kg2 e5 28.Rg3 Kf6
29.Rd3 Ke6 30.Rg3 g6 31.Rh3 Rf7 32.Kf1 e4 33.Ke2 Ke5 34.c3 d5 35.cxd5 cxd5
36.a3 a5 37.b4 axb4 38.axb4 cxb4 39.cxb4 d4 40.b5 d3+ 41.Ke3 Rd7 42.Kd2 Kd4
43.b6 Rb7 44.Rh4 Rxb6 45.Rxh7 Rb2+ 46.Ke1 Re2+ 47.Kf1 e3 48.Rd7+ Kc3 49.fxe3 Rxh2
50.Rc7+ Kd2  0-1

[Event "RUS-chT"]
[Site "Briansk"]
[Date "1995.??.??"]
[Round "1"]
[White "Pugachov, Alexey"]
[Black "Lukovnikov, A."]
[Result "1-0"]
[WhiteElo "2475"]
[BlackElo "2305"]

1.e4 c5 2.Nf3 Nc6 3.Bb5 g6 4.Bxc6 dxc6 5.h3 Bg7 6.d3 Nf6 7.Nc3 O-O 8.Be3 b6
9.Qd2 e5 10.Bh6 Qe7 11.Nh2 c4 12.Bxg7 Kxg7 13.Ng4 Nxg4 14.hxg4 f6 15.f3 cxd3
16.Qxd3 Rd8 17.Qe3 Be6 18.a4 Kg8 19.Kf2 Qb4 20.g5 Qxb2 21.Rac1 fxg5 22.Ne2 Qb4
23.Qxg5 Qc5+ 24.Kg3 Bc4 25.Rxh7 Qd6 26.Rch1 Kf8 27.Qh6+ Ke8 28.Qg7  1-0

[Event "RUS-chT"]
[Site "Briansk"]
[Date "1995.??.??"]
[Round "2"]
[White "Nikitin, Aleksander S"]
[Black "Shariyazdanov, Andrey"]
[Result "1/2-1/2"]
[WhiteElo "2440"]
[BlackElo "2460"]

1.e4 c5 2.Nf3 Nc6 3.Bb5 e6 4.O-O Nge7 5.Re1 a6 6.Bxc6 Nxc6 7.d4 cxd4 8.Nxd4 d6
9.Nxc6 bxc6 10.c4 Be7 11.Nc3 O-O 12.Be3 c5 13.Qd2 Bb7 14.Rad1 Qc7 15.Bg5 Rfd8
16.Bxe7 Qxe7 17.Re3 Rd7 18.Rd3 Rad8 19.a3 h6 20.Qf4 Bc6 21.h3 Qg5 22.Qxg5 hxg5
23.b4 Kf8 24.b5 Bb7 25.a4 axb5 26.cxb5 d5 27.exd5 exd5 28.a5 d4 29.Ne2 Be4
30.R3d2 Rb8 31.f3 Bd5 32.Nxd4 cxd4 33.Rxd4 Rxb5 34.a6 Ra5 35.a7 Raxa7 36.Rxd5  1/2-1/2

[Event "RUS-chT"]
[Site "Briansk"]
[Date "1995.??.??"]
[Round "4"]
[White "Ovetchkin, Roman"]
[Black "Gagarin, Vasilij"]
[Result "1/2-1/2"]
[WhiteElo "2320"]
[BlackElo "2440"]

1.e4 c5 2.Nf3 Nc6 3.Bb5 g6 4.Bxc6 dxc6 5.h3 e5 6.d3 f6 7.Be3 Nh6 8.O-O Nf7
9.c3 g5 10.d4 cxd4 11.cxd4 g4 12.Nh4 gxh3 13.g3 exd4 14.Bxd4 Rg8 15.Nf5 Bxf5
16.exf5 Bd6 17.Re1+ Kf8 18.Nc3 Be5 19.Bc5+ Kg7 20.Qg4+ Kh8 21.Qxh3 Qc7 22.Kg2 Ng5
23.Qh6 Rg7 24.Rad1 Rag8 25.Rxe5 Qxe5 26.Bd4 Qxf5 27.Bxf6 Qf3+ 28.Kf1 Nf7
29.Qh4 h5 30.Rd7 Kh7 31.Bxg7 Rxg7 32.Rxb7 Kh6 33.Qe4 Rxg3 34.Rxa7 Ng5 35.Qd4 Qd3+
36.Qxd3 Rxd3 37.Ra6 Rd6 38.b4 Re6 39.f4 Nh3 40.b5 Nxf4 41.b6 Re7 42.Ra7 Re8
43.b7 Rb8 44.Ne4 Ne6 45.Nd6 Nc7 46.Ra5 Kg7 47.Rc5 Kf8 48.Rxc6 Ke7 49.Nf5+ Kd7
50.Rd6+ Ke8 51.Rb6 Kd7 52.Kg2 Ne8 53.Kg3 Kc7 54.Re6 Kd7 55.Re7+ Kc6 56.Nd4+ Kb6
57.a4 Nc7 58.a5+ Kxb7 59.Nb5 Ka6 60.Nxc7+ Kxa5 61.Kh4 Kb6 62.Nd5+ Kc6 63.Nf4 Kd6
64.Re6+ Kd7 65.Kxh5 Rg8 66.Ra6 Rg1 67.Ne6 Ke7 68.Ng5 Kd7 69.Kg6 Kc7 70.Kf5 Rf1+
71.Ke5 Re1+ 72.Ne4 Kd7 73.Rh6 Kc7 74.Re6 Kd7 75.Ra6 Kc7  1/2-1/2

[Event "RUS-chT"]
[Site "Briansk"]
[Date "1995.??.??"]
[Round "7"]
[White "Lukovnikov, A."]
[Black "Shariyazdanov, Andrey"]
[Result "1-0"]
[WhiteElo "2305"]
[BlackElo "2460"]

1.e4 c5 2.Nf3 Nc6 3.Bb5 e6 4.O-O Nge7 5.Re1 Nd4 6.Nxd4 cxd4 7.d3 Nc6 8.Nd2 Be7
9.Bxc6 dxc6 10.Qg4 O-O 11.e5 Qd5 12.Nf3 Rd8 13.Bh6 Bf8 14.Re4 c5 15.Qg3 g6
16.Bxf8 Rxf8 17.Rh4 f5 18.exf6 Rxf6 19.Ng5 Rf5 20.Nxh7 Kg7 21.Re1 Bd7 22.f4 Rh8
23.Ng5 Rff8 24.b3 Qd6 25.Re5 b6 26.Qh3 Rxh4 27.Qxh4 Rh8  1-0

[Event "RUS-chT"]
[Site "Briansk"]
[Date "1995.??.??"]
[Round "8"]
[White "Ovetchkin, Roman"]
[Black "Chernyshov, Konstantin"]
[Result "1-0"]
[WhiteElo "2320"]
[BlackElo "2510"]

1.e4 c5 2.Nf3 Nc6 3.Bb5 g6 4.Bxc6 bxc6 5.O-O Bg7 6.Re1 e5 7.c3 d6 8.d4 cxd4
9.cxd4 Bg4 10.dxe5 dxe5 11.Nbd2 Ne7 12.Nc4 Qxd1 13.Rxd1 O-O 14.h3 Be6 15.Ncxe5 Rfd8
16.Be3 Rxd1+ 17.Rxd1 f6 18.Nd4 Rd8 19.Ra1 Rxd4 20.Bxd4 fxe5 21.Bxa7 Kf7 22.a4 Bc4
23.a5 Ba6 24.Rd1 Ke8 25.Bc5 Nc8 26.f3 Bf6 27.Kf2 Bb5 28.g3 Bg5 29.h4 Bf6
30.Ke3 Bd8 31.b4 Bc7 32.f4 exf4+ 33.gxf4 h5 34.Ra1 Ba6 35.Bd4 Nd6 36.Be5 Nc4+
37.Kd4 Nxe5 38.fxe5 Bd8 39.Rg1 Bxh4 40.Rxg6 Bf2+ 41.Kc3 Bb5 42.Rg8+ Kf7 43.Ra8 h4
44.a6 h3 45.e6+ Ke7 46.a7 h2 47.Re8+ Kxe8 48.a8=Q+ Ke7 49.Qb7+ Kxe6 50.Qc8+ Ke5
51.Qf5+ Kd6 52.Qf4+ Ke6 53.Qxh2 Bb6 54.Qb8 Be3 55.Qe8+ Kd6 56.Qf8+ Ke6 57.Qf5+ Ke7
58.e5 c5 59.Qf6+ Ke8 60.Qe6+  1-0

[Event "Brno-B"]
[Site "Brno"]
[Date "1995.??.??"]
[Round "1"]
[White "Salai, Ladislav"]
[Black "Majer, Jiri"]
[Result "1-0"]
[WhiteElo "2405"]
[BlackElo "2300"]

1.e4 c5 2.Nf3 Nc6 3.Bb5 d6 4.d4 cxd4 5.Nxd4 Bd7 6.O-O Nf6 7.Nc3 e6 8.Be3 Be7
9.Qe2 O-O 10.Rad1 Qc7 11.Kh1 a6 12.Nxc6 Bxc6 13.Bxc6 Qxc6 14.Bg5 h6 15.Bh4 Rfe8
16.Rd3 b5 17.a3 Rad8 18.Rfd1 Qc4 19.Bg3 Qc6 20.Rd4 Rd7 21.f4 Red8 22.Qf3 d5
23.exd5 Nxd5 24.f5 Bf6 25.fxe6 fxe6 26.R4d3 Bxc3 27.bxc3 Rf7 28.Qe4 Rdf8
29.Rf3 Qxc3 30.Qxe6 Nc7 31.Qxf7+  1-0

[Event "Brno-B"]
[Site "Brno"]
[Date "1995.??.??"]
[Round "4"]
[White "Bielczyk, Jacek"]
[Black "Majer, Jiri"]
[Result "1-0"]
[WhiteElo "2345"]
[BlackElo "2300"]

1.e4 c5 2.Nf3 Nc6 3.Bb5 d6 4.d4 cxd4 5.Qxd4 Bd7 6.Bxc6 Bxc6 7.Nc3 Nf6 8.Bg5 e6
9.O-O-O Be7 10.Rhe1 O-O 11.Qd2 Rc8 12.Nd4 a6 13.f3 Qc7 14.g4 b5 15.Nce2 b4
16.Kb1 a5 17.Ng3 Rfd8 18.Rg1 Ne8 19.h4 d5 20.e5 a4 21.Bxe7 Qxe7 22.g5 b3
23.cxb3 axb3 24.a3 Ba4 25.Rc1 Rc4 26.Nge2 Rdc8 27.h5 g6 28.h6 Qc5 29.Rc3 Nc7
30.Rgc1 Nb5 31.Rxc4 dxc4 32.Nxb5 Bxb5 33.Qd4 Qc7 34.Nc3 Ba6 35.Rd1 Bb7 36.Qf4 Qe7
37.Rd6 Bd5 38.Nxd5 exd5 39.Qf6 Qf8 40.Rxd5 Re8 41.f4  1-0

[Event "Brno-A"]
[Site "Brno"]
[Date "1995.??.??"]
[Round "7"]
[White "Berezjuk, Sergej"]
[Black "Danek, Libor"]
[Result "1-0"]
[WhiteElo "2385"]
[BlackElo "2355"]

1.e4 c5 2.Nf3 Nc6 3.Bb5 d6 4.O-O Bd7 5.Re1 Nf6 6.h3 a6 7.Bf1 e5 8.c3 Be7
9.d4 cxd4 10.cxd4 exd4 11.Nxd4 O-O 12.Nc3 Re8 13.b3 Qb6 14.Nc2 Rac8 15.Bb2 Bf8
16.g3 Ne5 17.Rb1 Bc6 18.Bg2 Ned7 19.Nd4 Nc5 20.Nxc6 bxc6 21.Kh2 a5 22.f4 Qa6
23.Bf1 Qa7 24.Qf3 Rb8 25.Bc4 Nfd7 26.Qg2 a4 27.Nxa4 Nxa4 28.bxa4 Nb6 29.Qf2 Qa5
30.Bb3 Nxa4 31.Bd4 Nc5 32.Bxc5 Qxc5 33.Qxc5 dxc5 34.e5 g6 35.h4 Kg7 36.Kg2 Rb4
37.Rbc1 Rd8 38.Rc2 Rdd4 39.Rec1 Be7 40.Rc4 Rd2+ 41.Kf3 Rb7 42.R1c2 Rd3+ 43.Kg2 Rbd7
44.R4c3 R3d4 45.Kh3 Ra7 46.Rc4 Rd3 47.Ra4 Rad7 48.Ra6 R7d4 49.Kh2 Re3 50.Rxc6 Rdd3
51.Bc4 Rc3 52.Rxc3 Rxc3 53.Bb3 Kf8 54.Rc8+ Kg7 55.Kh3 h5 56.Kg2 Rc1 57.Re8 Bf8
58.Ra8 Be7 59.Ra4 Rc3 60.Kf2 Kf8 61.Rc4 Rd3 62.Bc2 Ra3 63.Bb3 Ra8 64.Kf3 Rd8
65.Bc2 Ra8 66.a4 Ra6 67.Ke4 Ke8 68.Kd5 Kd7 69.Re4 Ra5 70.Kc4 Ra8 71.Re1 Kc7
72.Rb1 Rd8 73.a5 Rd2 74.Kc3  1-0

[Event "Brno-A"]
[Site "Brno"]
[Date "1995.??.??"]
[Round "9"]
[White "Velicka, Petr"]
[Black "Mrva, Martin"]
[Result "0-1"]
[WhiteElo "2415"]
[BlackElo "2405"]

1.e4 c5 2.Nf3 Nc6 3.Bb5 Qb6 4.Ba4 g6 5.Nc3 Bg7 6.Nd5 Qa5 7.c3 e6 8.Ne3 Nge7
9.O-O d5 10.exd5 exd5 11.d4 cxd4 12.Nxd4 O-O 13.Nf3 Rd8 14.Bb3 h6 15.Nc2 g5
16.Ncd4 g4 17.Nxc6 bxc6 18.Ne1 c5 19.Bc2 Qc7 20.Nd3 Ng6 21.Qd2 Rb8 22.Rb1 Rb6
23.b4 c4 24.Nc5 Nh4 25.Qe1 Bf5 26.Bxf5 Nxf5 27.Be3 Be5 28.g3 h5 29.Qd2 Nxe3
30.Qxe3 Rg6 31.Rfe1 Bg7 32.Rbd1 h4 33.Re2 Qc6 34.Qe7 Bf6 35.Qb7 Bxc3 36.Re7 Qxb7
37.Nxb7 Bxb4 38.Rxf7 Rb8 39.Rd7 Rg7 40.R1xd5 Rxb7 41.Rd8+ Bf8  0-1

[Event "Ciocaltea mem"]
[Site "Bucharest"]
[Date "1995.??.??"]
[Round "8"]
[White "Komliakov, Viktor"]
[Black "Moldovan, Daniel"]
[Result "1-0"]
[WhiteElo "2535"]
[BlackElo "2420"]

1.e4 c5 2.Nf3 Nc6 3.Bb5 g6 4.Bxc6 dxc6 5.h3 Bg7 6.d3 Nf6 7.Nc3 O-O 8.Be3 b6
9.Qd2 e5 10.Bh6 Qd6 11.Bxg7 Kxg7 12.Qe3 Be6 13.O-O Nh5 14.Ne2 Rad8 15.Rfd1 f6
16.c3 Kg8 17.Rd2 Rfe8 18.d4 cxd4 19.cxd4 exd4 20.Nexd4 c5 21.Nb5 Qe7 22.Rxd8 Rxd8
23.Nc3 Bc4 24.Re1 Rd3 25.Qc1 Be6 26.e5 f5 27.Ng5 a6 28.h4 Rd4 29.Rd1 Bd7
30.Nf3 Rxd1+ 31.Qxd1 Bc6 32.Qd6 Qxd6 33.exd6 Nf6 34.Ne5 Bd7 35.f3 Kf8 36.Kf2 Ke8
37.a3 Be6 38.Ke3 Bb3 39.Kf4 b5 40.Nd3 Nd7 41.g4 Bc4 42.Ne5 Nxe5 43.Kxe5 b4
44.Na4 fxg4 45.fxg4 bxa3 46.bxa3 Be2 47.Nxc5 Bxg4 48.Nxa6 Kd7 49.Nc5+ Kc6
50.d7  1-0

[Event "Spring op"]
[Site "Budapest"]
[Date "1995.??.??"]
[Round "?"]
[White "Dmitriev, Igor"]
[Black "Horkai, Andras"]
[Result "1-0"]
[WhiteElo "2435"]
[BlackElo "2245"]

1.e4 c5 2.Nf3 Nc6 3.Bb5 g6 4.O-O Bg7 5.Re1 e5 6.Bxc6 dxc6 7.h3 Ne7 8.d3 O-O
9.Nc3 Qc7 10.a3 b6 11.b4 Qd6 12.Qd2 h6 13.bxc5 Qxc5 14.a4 Qd6 15.a5 Be6 16.Ba3 c5
17.Reb1 f5 18.Qe2 f4 19.Qd1 g5 20.Nd2 Ng6 21.axb6 axb6 22.Nc4 Bxc4 23.dxc4 Qd4
24.Qd3 Ra6 25.Nb5 Qxd3 26.cxd3 Rc8 27.f3 Ne7 28.Rb3 Nc6 29.Rab1 Bf8 30.Bb2 Kf7
31.Bc3 Ke6 32.Be1 Nb4 33.Kf1 h5 34.Ke2 Be7 35.Bd2 Rc6 36.d4 exd4 37.Bxb4 cxb4
38.Nxd4+ Kd7 39.Nxc6 Kxc6 40.Kd3 Ra5 41.Rc1 Kc5 42.Rcb1 Kc6 43.R1b2 g4 44.hxg4 hxg4
45.fxg4 Rg5 46.Ke2 Rxg4 47.Kf3 Rh4 48.e5 b5 49.cxb5+ Kxb5 50.Rd3 Bc5 51.Rd1 Rh5
52.Kxf4 Rh4+ 53.g4 Rh3 54.Re2 b3 55.e6 Rh7 56.Rd7 Be7 57.Kf5 Rg7 58.Rxe7  1-0

[Event "Spring op"]
[Site "Budapest"]
[Date "1995.??.??"]
[Round "?"]
[White "Medvegy, Zoltan"]
[Black "Mach, Holger"]
[Result "0-1"]
[WhiteElo "2125"]
[BlackElo "2295"]

1.e4 c5 2.Nf3 Nc6 3.Bb5 g6 4.O-O Bg7 5.c3 Nf6 6.Qe2 O-O 7.e5 Ne8 8.d4 cxd4
9.cxd4 Nc7 10.Bd3 d6 11.h3 Ne6 12.Qe3 dxe5 13.dxe5 Qc7 14.Re1 Rd8 15.Bf1 Ned4
16.Nxd4 Nxd4 17.Na3 Be6 18.b3 Nf5 19.Qe2 Rd5 20.Bb2 Rad8 21.Nb5 Qb8 22.Bc3 a6
23.Na3 Rc5 24.Qb2 Rdc8 25.Rac1 Qc7 26.Bc4 Bxc4 27.bxc4 e6 28.Qe2 b5 29.g4 Nh4
30.Bd4 Qc6 31.Qe4 Nf3+  0-1

[Event "Spring op"]
[Site "Budapest"]
[Date "1995.??.??"]
[Round "?"]
[White "Sziebert, Adam"]
[Black "Rozsnyai, Tibor"]
[Result "1-0"]
[WhiteElo "2330"]
[BlackElo "2215"]

1.e4 c5 2.Nf3 Nc6 3.Bb5 g6 4.O-O Bg7 5.c3 Nf6 6.Re1 Qb6 7.Na3 O-O 8.e5 Ne8
9.d4 cxd4 10.cxd4 a6 11.Ba4 Qc7 12.Bf4 b5 13.Bb3 d6 14.Rc1 Qb7 15.exd6 Nxd6
16.Bd5 Bd7 17.Rxe7 Nc4 18.Nxc4 bxc4 19.Rxc4 Rac8 20.Qc1 Bf6 21.Rxd7 Qxd7
22.Rxc6 Rxc6 23.Qxc6 Qf5 24.g3 Kg7 25.Qb7 g5 26.Bd6  1-0

[Event "Spring op"]
[Site "Budapest"]
[Date "1995.??.??"]
[Round "?"]
[White "Weisse, Martin"]
[Black "Czebe, Attila"]
[Result "0-1"]
[WhiteElo "2230"]
[BlackElo "2430"]

1.e4 c5 2.Nf3 Nc6 3.Bb5 e6 4.O-O Nge7 5.b3 Nd4 6.Nxd4 cxd4 7.c3 a6 8.Bd3 dxc3
9.Nxc3 g6 10.f4 d5 11.exd5 Nxd5 12.Bb2 Bg7 13.Qe2 O-O 14.Kh1 b5 15.Rae1 Bb7
16.Ba1 Rc8 17.Ne4 Bxa1 18.Rxa1 Nb4  0-1

[Event "Budapest FS07 IM-B"]
[Site "Budapest"]
[Date "1995.??.??"]
[Round "?"]
[White "Mueller, A."]
[Black "Fraschini, Mariano"]
[Result "0-1"]
[WhiteElo "2185"]
[BlackElo "2360"]

1.e4 c5 2.Nf3 Nc6 3.Bb5 g6 4.Bxc6 dxc6 5.h3 e5 6.d3 f6 7.Nc3 Nh6 8.Be3 Nf7
9.Qe2 Be7 10.Nd2 Be6 11.O-O-O O-O 12.f4 exf4 13.Bxf4 Bd6 14.Bxd6 Qxd6 15.Rhf1 Ne5
16.Nf3 Rae8 17.Qe1 Rf7 18.Qh4 Ref8 19.Rd2 b5 20.Kb1 b4 21.Ne2 a5 22.Nc1 a4
23.Nxe5 fxe5 24.Rdf2 Qd4 25.Rxf7 Bxf7 26.c3 bxc3 27.Ne2 Qxd3+  0-1

[Event "Spring op"]
[Site "Budapest"]
[Date "1995.??.??"]
[Round "?"]
[White "Dostan, Janos"]
[Black "Schlusnik, Nandor"]
[Result "1/2-1/2"]
[WhiteElo "2270"]
[BlackElo "2095"]

1.e4 c5 2.Nf3 Nc6 3.Bb5 e6 4.Bxc6 dxc6 5.d3 Nf6 6.Nc3 Be7 7.a4 O-O 8.O-O Qc7
9.b3 Bd7 10.Be3 Rad8 11.Qd2 e5 12.a5 b5 13.axb6 axb6 14.Na4 Ne8 15.b4 f5
16.Qc3 fxe4 17.dxe4 Rxf3 18.gxf3 Qd6 19.Rfd1 Qg6+ 20.Kf1 cxb4 21.Qxe5 Bf6
22.Qg3 Qxg3 23.fxg3 Bxa1 24.Rxa1 Ra8 25.Bd4 b5 26.Nc5 Rxa1+ 27.Bxa1 Bh3+
28.Kf2 Bc8 29.Bd4 Nc7 30.Nd3 Na6 31.Bc5 Be6 32.Bxb4 Bc4 33.Bd6 Bxd3 34.cxd3 Kf7
35.g4 Ke6 36.Bf8 g6 37.f4 Nb8 38.d4 Nd7 39.Bb4 Nf6 40.Kf3 h5 41.f5+ Kf7 42.g5 gxf5
43.exf5 Nd5 44.Ba3 h4 45.Bc1 h3 46.Kg3 Ne7 47.f6 Nf5+ 48.Kxh3 Nxd4 49.Kg4 Kg6
50.Be3 c5 51.Kf4 b4 52.Ke4 b3 53.Bc1 Ne2 54.Ba3 c4 55.Ke3 c3 56.Kd3 Kf7 57.Bb4 c2
58.Ba3 c1=Q 59.Bxc1 Nxc1+ 60.Kc3  1/2-1/2

[Event "Budapest FS05 GM"]
[Site "Budapest"]
[Date "1995.??.??"]
[Round "1"]
[White "Varavin, Viktor"]
[Black "Kalinitschew, Sergey"]
[Result "1/2-1/2"]
[WhiteElo "2520"]
[BlackElo "2465"]

1.e4 c5 2.Nf3 Nc6 3.Bb5 d6 4.O-O Bd7 5.c3 a6 6.Ba4 Nf6 7.Re1 b5 8.Bc2 Bg4
9.h3 Bxf3 10.Qxf3 g6 11.a4 Rb8 12.axb5 axb5 13.Qd1 Bh6 14.d4 Bxc1 15.Qxc1 cxd4
16.Qh6 e5 17.Bb3 dxc3 18.Nxc3 Nd4 19.Bd5 Qe7 20.Ra5 Qf8 21.Qc1 Qe7 22.Qh6 Qf8
23.Qd2 Qe7 24.Nxb5 Nxd5 25.Nxd4 Nf4 26.Ne2 Nxe2+ 27.Rxe2 O-O 28.Ra6  1/2-1/2

[Event "Budapest FS02 IM-A"]
[Site "Budapest"]
[Date "1995.??.??"]
[Round "1"]
[White "Svobodova, Michaela"]
[Black "Balogh, Bela"]
[Result "1/2-1/2"]
[WhiteElo "2120"]
[BlackElo "2225"]

1.e4 c5 2.Nf3 Nc6 3.Bb5 g6 4.Bxc6 dxc6 5.h3 Nf6 6.d3 Bg7 7.Nc3 O-O 8.Be3 b6
9.Qd2 Be6 10.O-O Qc7 11.Ng5 Rad8 12.Nxe6 fxe6 13.b3 Nh5 14.Bh6 Qe5 15.Bxg7 Kxg7
16.Ne2 Nf4 17.Nxf4 Rxf4 18.f3 Qd4+ 19.Qf2 e5 20.Qxd4 cxd4 21.b4 Rc8 22.c4 dxc3
23.Rfc1 Rf6 24.Rxc3 Rd6 25.Rac1 Kf6 26.Kf2 Ke6 27.Ke3 Kd7 28.Rc4 Rd8 29.R1c3 Kc7
30.a4 Kb7 31.g3  1/2-1/2